000
00271nam a2200097 4500
999
_c
525300
_d
525300
082
_a
I5135x5444 AR/6
100
_a
Government of Karnataka
_9
37700
245
_a
6th Report of the karnataka administrative reforms commision-two
260
_a
Bengaluru
_c
2023
300
_a
254p.